A course in probability theory
Αποθηκεύτηκε σε:
| Κύριος συγγραφέας: | |
|---|---|
| Μορφή: | Βιβλίο |
| Γλώσσα: | Vietnamese English |
| Έκδοση: |
San Diego
Academic Press
2001
|
| Έκδοση: | 3rd ed. |
| Θέματα: | |
| Ετικέτες: |
Προσθήκη ετικέτας
Δεν υπάρχουν, Καταχωρήστε ετικέτα πρώτοι!
|
| Thư viện lưu trữ: | Trung tâm Học liệu Lê Vũ Hùng, Trường Đại học Đồng Tháp |
|---|
| LEADER | 00722pam a22002418a 4500 | ||
|---|---|---|---|
| 001 | 00043876 | ||
| 005 | 20190325150358.0 | ||
| 008 | 170711s2016 ||||||viesd | ||
| 020 | # | # | |c 52000 |
| 041 | 0 | # | |a eng |
| 082 | 1 | 4 | |a 515 |b A100C |
| 100 | 1 | # | |a Chung, Kai Lai |
| 245 | 0 | 0 | |a A course in probability theory |c Kai Lai Chung |
| 250 | # | # | |a 3rd ed. |
| 260 | # | # | |a San Diego |b Academic Press |c 2001 |
| 300 | # | # | |a xvi, 419 p. |c 27 cm. |b ill |
| 500 | # | # | |a photo |
| 653 | # | # | |a Thống kê |
| 653 | # | # | |a Toán học |
| 653 | # | # | |a Xác suất |
| 852 | # | # | |j KD.0025201 |j KM.0028369 |j KM.0028370 |j KM.0028371 |j KM.0028372 |
| 910 | # | # | |d 25/3/2019 |
| 980 | # | # | |a Trung tâm Học liệu Lê Vũ Hùng, Trường Đại học Đồng Tháp |